Marvel : (Record no. 3060)

MARC details
000 -LEADER
fixed length control field 01651cas a2200433 a 4500
001 - CONTROL NUMBER
control field 3060
003 - CONTROL NUMBER IDENTIFIER
control field FISKH
005 - DATE AND TIME OF LATEST TRANSACTION
control field 20240201151708.0
008 - FIXED-LENGTH DATA ELEMENTS--GENERAL INFORMATION
fixed length control field 851008c19769999nyuar 0 0eng c
010 ## - LIBRARY OF CONGRESS CONTROL NUMBER
LC control number sf 96094154
020 ## - INTERNATIONAL STANDARD BOOK NUMBER
International Standard Book Number 9780316387446
035 ## - SYSTEM CONTROL NUMBER
System control number (OCoLC)ocm12644747
040 ## - CATALOGING SOURCE
Original cataloging agency EEM
Language of cataloging eng
Transcribing agency EEM
Modifying agency DLC
-- OCLCQ
-- CRU
-- DLC
-- OCLCQ
-- OCLCO
-- OCLCF
-- OCLCO
-- OCLCQ
-- OCLCA
-- JDP
-- BGU
-- OCLCO
-- NDD
042 ## - AUTHENTICATION CODE
Authentication code pcc
050 00 - LIBRARY OF CONGRESS CALL NUMBER
Classification number Comic Book 03186
050 14 - LIBRARY OF CONGRESS CALL NUMBER
Classification number PN6728.4.M3
Item number A94
082 ## - DEWEY DECIMAL CLASSIFICATION NUMBER
Classification number 741.5
100 ## - MAIN ENTRY--PERSONAL NAME
Personal name Irvine, Alex
245 04 - TITLE STATEMENT
Title Marvel :
Remainder of title The avengers /
Statement of responsibility, etc. Adapted by Alex Irvine ; Based in the screenplay by Joss Whedon ; Stor by Zak Penn and Joss Whedon ; Produced by Kevin Feige ; Directed by Joss Whedon
250 ## - EDITION STATEMENT
Edition statement This edition published in 2015
260 ## - PUBLICATION, DISTRIBUTION, ETC.
Place of publication, distribution, etc. New York :
Name of publisher, distributor, etc. Little, Brown,
Date of publication, distribution, etc. 1976
300 ## - PHYSICAL DESCRIPTION
Extent 225 pages :
Other physical details illustrations ;
Dimensions 21 cm
310 ## - CURRENT PUBLICATION FREQUENCY
Current publication frequency Annual
336 ## - CONTENT TYPE
Content type term text
Content type code txt
Source rdacontent
337 ## - MEDIA TYPE
Media type term unmediated
Media type code n
Source rdamedia
338 ## - CARRIER TYPE
Carrier type term volume
Carrier type code nc
Source rdacarrier
362 0# - DATES OF PUBLICATION AND/OR SEQUENTIAL DESIGNATION
Dates of publication and/or sequential designation No. 6 (1976)-
505 ## - FORMATTED CONTENTS NOTE
Formatted contents note R<br/>
520 ## - SUMMARY, ETC.
Summary, etc. "Gathered together by S.H.I.E.L.D, Captain America, Iron Man, the Hulk, Thor, Black Widow and Hawkeye must protect the world from ultimate destruction"--
521 8# - TARGET AUDIENCE NOTE
Target audience note 730<br/>
Source Lexile <br/>
521 8# - TARGET AUDIENCE NOTE
Target audience note R<br/>
Source Raz-Plus
650 #0 - SUBJECT ADDED ENTRY--TOPICAL TERM
Topical term or geographic name entry element Comic books, strips, etc
Form subdivision Periodicals.
650 #7 - SUBJECT ADDED ENTRY--TOPICAL TERM
Topical term or geographic name entry element Comic books, strips, etc.
Source of heading or term fast
Authority record control number or standard number (OCoLC)fst00869145
655 #7 - INDEX TERM--GENRE/FORM
Genre/form data or focus term Periodicals.
Source of term fast
Authority record control number or standard number (OCoLC)fst01411641
655 #7 - INDEX TERM--GENRE/FORM
Genre/form data or focus term Periodicals.
Source of term lcgft
655 #7 - INDEX TERM--GENRE/FORM
Genre/form data or focus term Superhero comic books, strips, etc.
Source of term gsafd
906 ## - LOCAL DATA ELEMENT F, LDF (RLIN)
a 7
b cbc
c serials
d u
e ncip
f 19
g n-oclcserc
942 ## - ADDED ENTRY ELEMENTS (KOHA)
Source of classification or shelving scheme Dewey Decimal Classification
Koha item type Books
Suppress in OPAC No
Holdings
Withdrawn status Lost status Source of classification or shelving scheme Damaged status Not for loan Collection Home library Current library Shelving location Date acquired Total Checkouts Full call number Barcode Date last seen Price effective from Koha item type
    Dewey Decimal Classification     Fiction Footprints International School Library Network Toul Kork Campus Footprints International School Library Network Toul Kork Campus TK Primary Library Room(4th Floor), Bookcase 5&6, Shelves 33-56, Orange Books 02/01/2024   IRV Fic PZ7.I673 FISTK05472 02/01/2024 02/01/2024 Books